| 000 | 00762nas a2200253 4500 | ||
|---|---|---|---|
| 001 | BR6100222 | ||
| 003 | BR-BrBNA | ||
| 005 | 20231205082134.0 | ||
| 007 | ta | ||
| 008 | 230509b bl.|||p| |||| 00| 00por d | ||
| 040 |
_aBR-BrBNA _bpor _cBiblioteca Nacional de Agricultura |
||
| 041 | _a(Pt) | ||
| 072 | _aK10; F70 | ||
| 100 | 1 | _aHueck, K. | |
| 245 | 1 | _aDistribuicao e habitat natural do Pinheiro-do-Parana (Araucaria angustifolia)[Brasil] | |
| 650 | _aPINHEIRO | ||
| 650 | _aHABITAT | ||
| 650 | _aPINHEIRO-DO-PARANA | ||
| 650 | _aDISTRIBUICAO GEOGRAFICA | ||
| 650 | _aPARANÁ | ||
| 773 | 0 |
_tBoletim Geografico (Brazil) _xISSN 0006-6028 _g(Nov 1961), v. 19(165) p. 709-723 _wBR6100222 |
|
| 909 |
_a202311 _bLúcia _c55 _dLúcia Elande |
||
| 942 |
_2AGRIS _n0 _cANA |
||
| 999 |
_c89435 _d89435 |
||